|
|
|
|
| LEADER |
01658nam a2200445 i 4500 |
| 001 |
001252958 |
| 003 |
CZ BrMZK |
| 005 |
20260427063048.0 |
| 007 |
ta |
| 008 |
120930s1967 xr gr 000 f cze |
| 015 |
|
|
|a cnb000158765
|
| 020 |
|
|
|q (Vázáno)
|
| 035 |
|
|
|a (OCoLC)85210714
|
| 040 |
|
|
|a BOA001
|b cze
|e rda
|
| 072 |
|
7 |
|a 821.162.3-3
|x Česká próza
|2 Konspekt
|9 25
|
| 080 |
|
|
|a 821.162.3-31
|2 MRF
|
| 080 |
|
|
|a (0:82-312.4)
|2 MRF
|
| 100 |
1 |
|
|a Zábrana, Jan,
|d 1931-1984
|7 jz8001457
|4 aut
|
| 245 |
1 |
0 |
|a Vražda v zastoupení :
|b detektivní román : 3. vyprávění doktora Pivoňky /
|c Jan Zábrana
|
| 250 |
|
|
|a Vydání první
|
| 264 |
|
1 |
|a Praha :
|b Mladá fronta,
|c 1967
|
| 300 |
|
|
|a 274 stran ;
|c 20 cm
|
| 336 |
|
|
|a text
|b txt
|2 rdacontent
|
| 337 |
|
|
|a bez média
|b n
|2 rdamedia
|
| 338 |
|
|
|a svazek
|b nc
|2 rdacarrier
|
| 490 |
1 |
|
|a Smaragd ;
|v svazek 43
|
| 500 |
|
|
|a 70000 výtisků
|
| 655 |
|
7 |
|a české romány
|7 fd133974
|2 czenas
|
| 655 |
|
7 |
|a detektivní romány
|7 fd132010
|2 czenas
|
| 655 |
|
9 |
|a Czech fiction
|2 eczenas
|
| 655 |
|
9 |
|a detective novels
|2 eczenas
|
| 710 |
2 |
|
|a Mladá fronta (nakladatelství)
|7 ko2002149862
|4 pbl
|
| 787 |
0 |
8 |
|i Z cyklu:
|t Doktor Pivoňka
|g 3
|
| 830 |
|
0 |
|a Smaragd (Mladá fronta)
|0 s
|
| 856 |
4 |
1 |
|u http://www.digitalniknihovna.cz/mzk/uuid/uuid:03320b60-55c0-11e3-ae59-005056827e52
|y Digitalizovaný dokument
|x NDK
|
| 910 |
|
|
|a BOA001
|b D-0580.364
|b KPB-0002.221
|
| 990 |
|
|
|a BK
|
| 991 |
|
|
|b 202604
|
| 996 |
6 |
|
|b 2619530699
|c D-0580.364
|l MZK
|r Sklad / do 24 hodin
|n 0
|w 001286906
|u 000010
|a 1
|e BOA001
|j MZK50
|s P
|
| 996 |
6 |
|
|b 2619530700
|c D-0580.364
|l MZK
|r Sklad / do 24 hodin
|n 0
|w 001286906
|u 000020
|a 1
|e BOA001
|j MZK50
|s P
|